| 000 | 00394nam a22001337a 4500 | ||
|---|---|---|---|
| 020 | _qPB. | ||
| 040 | _cFIZZA ISHAQ | ||
| 082 |
_a515 _bJAG |
||
| 100 |
_aARYA,C.JAGDISH. _9134289 |
||
| 245 |
_aMATHEMATICAL ANALYSIS FOR BUSINESS ECONOMICS AND THE LIFE AND SOCIAL SCIENCES / _cJAGDISH C.ARYA. |
||
| 260 |
_aNEW YORK ; _bPRENTICE HALL, _c1993. |
||
| 300 |
_a349 P. ; _c11.2X8.8IN |
||
| 942 |
_2ddc _cBK |
||
| 999 |
_c617263 _d617263 |
||